00858nac a22002411u 4500010001400000020002200014022001400036082001900050090001500069100003400084245008000118260003500198300003000233490003700263500002700300504005100327511002800378650001800406650003500424942002200459999001500481952012000496 a012034555 a185339534X (pbk.) a906832133 a361.70681bWIL c7340d7340 aWilson, Elizabeth West  aBuilding structures and skills for fundraising /cElizabeth Westman Wilson. aLondon :bITDG, c2001.cc2001. a202 p. :b ill. ;c24 cm. a( Fundraising close to home ; 2) aDistributer: Al-Ahram. aIncludes bibliographical references and index. aCatalogued By: Mahitab. aFund raising. aCharities -- Public relations. cBBk361.70681 WIL c7340d7340 00104070aMAINbMAINc1STd2008-01-22ePurchasel1o361.70681 WILp000008696r2025-07-15 00:00:00s2011-01-23yBB